000 00378nmm a2200145Ia 4500
008 251105s9999||||xx |||||||||||||||||und||
041 _aspa
100 _aClark, Ebony
245 0 _aRedención
264 _a[Madrid, España] :
_bEdiciones B,
_c2017
300 _a149 páginas
650 _aRomance
856 _uhttps://public.digitaliapublishing.com/a/54479
942 _cCF
999 _c106453
_d106453